000 00307nam a22001457a 4500
003 SGT
082 _a611
_bA14N
100 _aNETTER, FRANK. H.
245 _aATLAS OF HUMAN ANATOMY
250 _a6TH
260 _aDELHI
_bELSEVIER
_c2014
300 _a531+143
650 _aANATOMY ATLAS
942 _2ddc
_cBK
_02
999 _c8505
_d8505